Sports Quiz

Random Sports or Blitz Quiz

Big 4 Blitz: Name a Team That... Quiz Stats

Quiz Updated Jun 12, 2017

Challenge
Share
Tweet
Embed
Score 0/40 Timer 05:00
3 Plays Today
Question Big 4 Sports Team % Correct
…is based in Canada?Vancouver Canucks
82.9%
…is named for a bird?Baltimore Orioles
82.8%
…is named after a term for Native Americans?Atlanta Braves
82.6%
…has won 10 or more championships?Boston Celtics
82.4%
…is based in a national capital?Ottawa Senators
81.9%
…is four letters long?Los Angeles Rams
81.8%
…contains a color in its nickname?Cleveland Browns
81.5%
…has won at least three championships in a row?*New York Islanders
80.8%
…is a team in a city with another team in the same sport?Los Angeles Clippers
80.6%
…is named for an aquatic creature?Miami Marlins
80.4%
…does not end in an 'S'?Orlando Magic
80.2%
…is named after a music style?Utah Jazz
79.8%
…is named for a weather phenomenon?Tampa Bay Lightning
79.6%
…contains numbers?Philadelphia 76ers
77.3%
…is named for a feline animal?Cincinnati Bengals
76.8%
…has its name repeated in a different sport league?Winnipeg Jets
75.3%
…won a championship in more than one city?*Oakland (LA) Raiders
73.9%
…plays in a stadium/arena built before 1950?Boston Red Sox
73.7%
…has won a championship but not in the last 50 years?Cleveland Indians
72.9%
…is named for a space term?Phoenix Suns
71.2%
Question Big 4 Sports Team % Correct
…begins with the letter 'W'?Chicago White Sox
71.1%
…has been to a championship more than once and never won?*San Diego Padres
68.8%
…is two words without the location name?(Toronto) Blue Jays
68%
…is ten or more letters long?Minnesota Timberwolves
67.1%
…was part of the most recent expansion in its league?Arizona Diamondbacks
67.1%
…begins and ends in the same letter?Dallas Stars
66.5%
…contains a double letter in its nickname?Tampa Bay Buccaneers
65.2%
…is the only Big 4 team in its state?Oklahoma City Thunder
65.2%
…is named after a mode of transportation?Houston Rockets
64.5%
…is alliterative with its city name?Buffalo Bills
63.9%
…has a name that is a religious figure?New Orleans Saints
61.8%
…has a location name that's not a city or state?New England Patriots
60.7%
…contains the letter 'X'?Houston Texans
59.1%
…changed its name without moving in the last 30 years?Tampa Bay (Devil) Rays
58.7%
…is named for a synonym for a naval marauder?Pittsburgh Pirates
56.5%
…contains the letter 'Y' not at the beginning?Arizona Coyotes
52.6%
…is named after an ursine animal?Chicago Bears
49.1%
…is named after a mythical being?Tennessee Titans
47.1%
... has no other team starting with the same letter?#New York Yankees
37.1%
…contains the same vowel three times?Pittsburgh Steelers
24.1%

You're not logged in!

Compare scores with friends on all Sporcle quizzes.
Sign Up with Email
OR
Log In

You Might Also Like...

Show Comments

Extras

Top Quizzes Today


Score Distribution

Your Account Isn't Verified!

In order to create a playlist on Sporcle, you need to verify the email address you used during registration. Go to your Sporcle Settings to finish the process.